书目信息 |
| 题名: |
柳传志谈联想经验
|
|
| 作者: | 任新 编著 | |
| 分册: | ||
| 出版信息: | 北京 中国线装书局 2003.04 |
|
| 页数: | 418页 | |
| 开本: | 21cm | |
| 丛书名: | 中国著名企业家系列谈 | |
| 单 册: | ||
| 中图分类: | F426.67 | |
| 科图分类: | ||
| 主题词: | 电子计算机工业--工业企业管理--经验--中国 , 电子计算机工业 , 工业企业管理 | |
| 电子资源: | ||
| ISBN: | 7-80106-258-2 | |
| 000 | 01054oam2 2200301 45 | |
| 001 | 012005070009 | |
| 005 | 20061016082615.50 | |
| 010 | @a7-80106-258-2@dCNY25.00 | |
| 092 | @aCN@b145343 | |
| 100 | @a20050727d2003 em y0chiy0120 ea | |
| 101 | 0 | @achi |
| 102 | @aCN@b110000 | |
| 105 | @ay z 000yy | |
| 200 | 1 | @a柳传志谈联想经验@Aliu chuan zhi tan lian xiang jing yan@e第三只眼睛看联想@f任新编著 @Fren xin bian zhu |
| 210 | @a北京@c中国线装书局@d2003.04 | |
| 215 | @a418页@d21cm | |
| 225 | 2 | @a中国著名企业家系列谈 |
| 330 | @a本书共七个部分,记述了柳传志做大联想的经验、管理联想的经验、创造数字奇迹的经验、建设联想文化的经验等方面内容,并附有柳传志精彩演讲实录 | |
| 461 | 0 | @12001 @a中国著名企业家系列谈 |
| 517 | 1 | @a第三只眼睛看联想@Adi san zhi yan jing kan lian xiang |
| 606 | 0 | @a电子计算机工业@x工业企业管理@x经验@y中国 |
| 606 | 0 | @a电子计算机工业 |
| 606 | 0 | @a工业企业管理 |
| 690 | @aF426.67@v4 | |
| 701 | 0 | @a任新@Aren xin@4编著 |
| 801 | 0 | @aCN@bLZJBOOK@c20061016 |
| 905 | @aBZT@dF426.67@e1 | |
| 906 | @dCNY25.00@n0@r1 | |
| 柳传志谈联想经验:第三只眼睛看联想/任新编著 .-北京:中国线装书局,2003.04 |
| 418页;21cm.-(中国著名企业家系列谈) |
| ISBN 7-80106-258-2:CNY25.00 |
| 本书共七个部分,记述了柳传志做大联想的经验、管理联想的经验、创造数字奇迹的经验、建设联想文化的经验等方面内容,并附有柳传志精彩演讲实录 |
| ● |
| 相关链接 |
|
|
|
正题名:柳传志谈联想经验
索取号:F426.67/1
 
预约/预借
| 序号 | 登录号 | 条形码 | 馆藏地/架位号 | 状态 | 备注 |
| 1 | 456609 | 230013076 | 中心书库北库/ 北库017架B面4列2层19/ [索取号:F426.67/1] | 在馆 | |
| 2 | 456610 | 230013075 | 中心书库北库/ 北库017架B面4列2层24/ [索取号:F426.67/1] | 在馆 | |
| 3 | 456611 | 230013074 | 中心书库北库/ 北库017架B面4列2层28/ [索取号:F426.67/1] | 在馆 | |
| 4 | 456612 | 230013073 | 中心书库北库/ 北库017架B面4列2层21/ [索取号:F426.67/1] | 在馆 | |
| 5 | 456613 | 230013072 | 中心书库北库/ 北库017架B面4列2层20/ [索取号:F426.67/1] | 在馆 | |
| 6 | 501476 | 230073988 | 中心书库北库/ 北库017架B面4列2层27/ [索取号:F426.67/1] | 在馆 | |
| 7 | 501477 | 230073989 | 中心书库北库/ 北库017架B面4列2层26/ [索取号:F426.67/1] | 在馆 | |
| 8 | 501478 | 230073990 | 中心书库北库/ 北库017架B面4列2层25/ [索取号:F426.67/1] | 在馆 | |
| 9 | 501479 | 230073991 | 中心书库北库/ 北库017架B面4列2层23/ [索取号:F426.67/1] | 在馆 | |
| 10 | 501480 | 230073992 | 中心书库北库/ 北库017架B面4列2层22/ [索取号:F426.67/1] | 在馆 |